00281nam a2200109Ia 4500008004100000100002000041245002700061260000900088300003400097440002400131650001600155180117s9999 xx 000 0 und d aby Danelle Ruth aPining for Kuyug Kuyug c2016 a16-18 pages, 2016 December 25 aPhilippine Panorama aKUYUG KUYUG